00705naa a2200205 a 450000100080000000500110000800800410001910000200006024501640008026000090024465300230025365300200027665300150029670000220031170000220033370000210035570000170037670000160039377300900040910431912006-03-03 2005 bl uuuu u00u1 u #d1 aBRITO, A. B. de aDesempenho e digestibilidade de nutrientes para frangos alimentados com racoes contendo promotor de crescimento (Olaquindox) e probiotico (Bacillus subtillis). c2005 aBacillus subtillis aFrango de corte aOlaquindox1 aLEANDRO, N. S. M.1 aSTRINGHINI, J. H.1 aBASTOS, C. A. A.1 aCUNHA, W. P.1 aCAFE, M. B. tActa Scientiarum: Animal Sciences, Maringagv. 27, n. 3, p. 327-332, july/sept. 2005.